000 02205cam a22006014i 4500
003 PE-LiUPU
005 20250731180149.0
008 150706s2012 mx a r 000 0 d
020 _a9786070500237
035 _a(Sirsi) i9786070500237
040 _aPE-LiUPU
_bspa
_cPE-LiUPU
_erda
049 _aPRUA
082 0 4 _a515.33
_bG55
_221
082 0 4 _a515.33
_bG52 2010
100 1 _aGlaros, Dinaky,
_eautor.
245 1 0 _aCálculo diferencial /
_cDinaky Glaros, Linda L. Licón.
264 1 _aMéxico, D.F. :
_bLimusa,
_c2012.
300 _a470 páginas :
_bilustraciones ;
_c23 cm.
336 _atext
_2rdacontent
337 _aunmediated
_2rdamedia
338 _avolume
_2rdacarrier
505 0 _aFunciones -- Límites -- Continuidad -- Derivadas -- Aplicaciones.
526 _aSEG44
526 _aSEG26
526 _aP159
526 _aP155
526 _aP154
526 _aP153
526 _aP150
526 _aP100
526 _aP31
526 _aP30
526 _aP26
526 _aP25
526 _aP24
526 _aP22
526 _aP15
526 _aP10
541 _g015-0015322;
650 0 4 _aCálculo diferencial.
_91126
650 0 4 _aCálculo diferencial
_vProblemas, ejercicios, etc.
_9174
700 1 _aLicón, Linda L.,
_eautor.
910 _cbd
_d20120522
910 _ctqv
_d20170615
942 _2ddc
_cBOOK
949 _a515.33 G55
_wDEWEY
_c1
_i67221
_lCCODEBUL1
_mBUL
_p33.00
_r0
_sY
_tBOOK
_u2015-7-6
_xINGENIERIA
_zUNKNOWN
_o.STAFF. Colección General
949 _a515.33 G52 2010
_wDEWEY
_c1
_iFJ05641
_lCCODEBUJ1
_mBUJ
_p33.00
_r0
_sY
_tBOOK
_u2017-06-15
_xFIA
_PP25
_0COMPRA
_o.STAFF. Colección General Juliaca
994 _aC0
_bPEPRU
596 _a1 3
999 _a515.33 G55
_wDEWEY
_c54810
_i67221
_d54810
_e2018-9-24
_f2021-11-9
_g7
_lCCODEBUL1
_mBUL
_n8
_p33.00
_r0
_sY
_tBOOK
_u2015-7-6
_xINGENIERIA
_zUNKNOWN
_0COMPRA
_o.STAFF. Colección General
999 _a515.33 G52 2010
_wDEWEY
_c1
_iFJ05641
_d2019-5-27
_e2018-8-17
_f2022-1-19
_g4
_lCCODEBUJ1
_mBUJ
_n4
_p33.00
_q1
_r0
_sY
_tBOOK
_u2017-6-15
_xINGENIERIA
_PP25
_0COMPRA
_o.STAFF. Colección General Juliaca
980 _81
_gALBERTO SANCHEZ Responsable de Automatización